Нержавеющие стали для теплообменников, работающих в агрессивной среде; Нефтегазовые технологии; № 1

Podrobná bibliografie
Parent link:Нефтегазовые технологии: научно-технический журнал/ World Oil ; Pipe Line Industry ; Gulf Publishing Company.— , 1994-.— 0202-4578
№ 1.— 2002.— С. 103-106
Hlavní autor: Холмквист М.
Jazyk:ruština
Vydáno: 2002
Edice:Переработка углеводородов
Témata:
Médium: MixedMaterials Kapitola
KOHA link:https://koha.lib.tpu.ru/cgi-bin/koha/opac-detail.pl?biblionumber=381342

MARC

LEADER 00000naa2a2200000 4500
001 381342
005 20231101062822.0
035 |a (RuTPU)RU\TPU\prd\3740 
090 |a 381342 
100 |a 20020508a2002 k y0rusy50 ca 
101 0 |a rus 
102 |a RU 
200 1 |a Нержавеющие стали для теплообменников, работающих в агрессивной среде  |f М. Холмквист 
225 1 |a Переработка углеводородов 
461 1 |0 (RuTPU)RU\TPU\prd\1175  |x 0202-4578  |t Нефтегазовые технологии  |o научно-технический журнал  |f World Oil ; Pipe Line Industry ; Gulf Publishing Company  |d 1994- 
463 1 |0 (RuTPU)RU\TPU\prd\2061  |t № 1  |v С. 103-106  |d 2002 
610 1 |a теплообменная аппаратура 
610 1 |a стали 
610 1 |a агрессивная среда 
610 1 |a коррозия 
700 1 |a Холмквист  |b М. 
801 1 |a RU  |b 63413507  |c 20020508  |g PSBO 
801 2 |a RU  |b 63413507  |c 20120112  |g PSBO 
942 |c BK